MAN WHO KNEW INFINITY (Record no. 26670)

MARC details
000 -LEADER
fixed length control field 00296nam a22001457a 4500
003 - CONTROL NUMBER IDENTIFIER
control field SGT
020 ## - INTERNATIONAL STANDARD BOOK NUMBER
International Standard Book Number 9780349104522
082 ## - DEWEY DECIMAL CLASSIFICATION NUMBER
Classification number 370,KAN
100 ## - MAIN ENTRY--PERSONAL NAME
Personal name Kanigel, Robert
245 ## - TITLE STATEMENT
Title MAN WHO KNEW INFINITY
260 ## - PUBLICATION, DISTRIBUTION, ETC. (IMPRINT)
Place of publication, distribution, etc ABACVS
Year of Publication 2016
300 ## - PAGE DESCRIPTION
No. of Pages 438
650 ## - SUBJECT ADDED ENTRY--TOPICAL TERM
Topical term or geographic name as entry element EDUCATION
942 ## - ADDED ENTRY ELEMENTS (KOHA)
Source of classification or shelving scheme Dewey Decimal Classification
Koha item type Books
Holdings
Withdrawn status Lost status Source of classification or shelving scheme Damaged status Use restrictions Not for loan Collection code Home library Current library Shelving location Date acquired Vendor Name Cost, normal purchase price SGTU Bill Number Full call number Accession No. (Barcode) Date last seen Bill Date Koha item type Total Checkouts
    Dewey Decimal Classification   Restricted Access Not For Loan EDUCATION SGT Engineering Library SGT Engineering Library Reference Book 12/07/2024 ABC PUBLISHERS & DISTRIBUTORS PVT. LTD. 599.00 SGTU IN43 370,KAN ED5286 12/07/2024 28/06/2024 Books  
    Dewey Decimal Classification       EDUCATION SGT Engineering Library SGT Engineering Library Text Book 12/07/2024 ABC PUBLISHERS & DISTRIBUTORS PVT. LTD. 599.00 SGTU IN43 370,KAN ED5287 12/07/2024 28/06/2024 Books  
    Dewey Decimal Classification       EDUCATION SGT Engineering Library SGT Engineering Library Text Book 12/07/2024 ABC PUBLISHERS & DISTRIBUTORS PVT. LTD. 599.00 SGTU IN43 370,KAN ED5288 12/07/2024 28/06/2024 Books